000 00928nam a22002411 4500
999 _c3745
_d3745
003 UkOxU
005 20220207105412.0
008 921109s1986 xxu 000 0 eng d
020 _a0899702007
040 _cALUPE UNIVERSITY
049 _aNO COPIES: 049 UN
_cUN
_d870312
050 _aRM300
_b.A43 1986
092 _aD0501057411
110 2 _aAmerican Medical Association.
_bDivision of Drugs.
245 1 0 _aDrug evaluations /
_cprepared by the American Medical Association, Department of Drugs, Division of Drugs and Technology in cooperation with the American Society for Clinical Pharmacology and Therapeutics
250 _a6th ed
260 _aChicago :
_bAmerican Medical Association,
_c1986
300 _axviii, 1654 p ;
_c29 cm
650 0 _aPharmacopoeias
710 2 _aAmerican Society for Clinical Pharmacology and Therapeutics.
942 _2lcc
_cBK
_nMM